000 00895cab a2200253 4500
001 WB3503-03
008 090401t1999 xxu||||| |||| 00| 0 eng d
035 _a(Sirsi) u90763
041 _aeng
245 4 _aThe book-end effect
260 _c1999
350 _a0
490 _aTimes
_v16 January 1999, 2.14(1)
520 _aSeveral substantial Victorian and Georgian terraced properties have collpsed recently. A suggested explanation is the `book-end effect`, whereby end-of-terrace walls are gradually pushed outwards by movements started in the middle of the row and continued over several decades.
650 _aBOOK-END EFFECT
650 _aBUILDING DEFECTS
650 _aRefurbishment
_96264
650 _aGEORGIAN HOUSES
650 _aTERRACED HOUSES
650 _aVICTORIAN HOUSES
690 _aBUILT ENVIRONMENT-BUILDING INSPECTION
942 _n0
948 _c19/01/1999
999 _c57558
_d57558